00301nam a2200121Ia 4500008004100000082001000041100001000051245002800061260002700089300000700116630002800123730002800151100204s9999 xx 000 0 und d b26523 aARORA aTHE STORY OF GURU NANAK b"AARROW BOOKS, LONDON" a64 aTHE STORY OF GURU NANAK aTHE STORY OF GURU NANAK